000 00681nam a2200205 4500
001 124112
003 ES-MaACL
005 20260213134529.0
007 t|
008 070214s1961 sp r ||||1| spa d
100 1 _aRapin, Albert.
_995459
245 1 0 _aContabilidad analítica de explotación /
_cpor Albert Rapin, J. Poly ; traducción de Agustín Rodríguez Sahagún, Jesús Landa.
260 _aBilbao :
_bDeusto,
_c1961.
300 _aXVI, 276 p. :
_bil. ;
_c21 cm.
700 1 _aPoly, J.
_992893
700 _aRodríguez Sahagún, Agustín,
_d1932-1991
_9240884
700 1 _aLanda, Jesús.
_969915
852 _aES-MaACL
_jC-20471
_bR.48605
999 _c124112
_d124112